[Event "35th European Club Cup 2019"]
[Site "Ulcinj"]
[Date "2019.11.14"]
[Round "5.24"]
[White "Gashi, Blerim"]
[Black "Bikady, Claude"]
[Result "1/2-1/2"]
[WhiteElo "2012"]
[BlackElo "1912"]
[Annotator "NA"]
[PlyCount "62"]
[EventDate "2019.11.10"]
[EventType "team-tourn"]
[EventCountry "MNE"]
[SourceTitle "playchess.com"]
[Source "ChessBase"]
[SourceQuality "1"]
[WhiteTeam "Prishtina"]
[BlackTeam "Echiquier Mosan"]
[TimeControl "40/5400+30:1800+30"]

1. d4 {[%emt 0:00:00]} Nf6 {[%emt 0:00:00]} 2. c4 {[%emt 0:00:13]} e6 {[%emt 0:00:02]} 3. a3 {[%emt 0:01:49]} b6 {[%emt 0:01:12]} 4. Bg5 {[%emt 0:01:30]} Bb7 {[%emt 0:01:05]} 5. Nc3 {[%emt 0:00:20]} Be7 {[%emt 0:00:45]} 6. e3 {[%emt 0:00:47]} O-O {[%emt 0:00:22]} 7. Nf3 {[%emt 0:00:15]} d5 {[%emt 0:00:59]} 8. Be2 {[%emt 0:01:54]} Nbd7 {[%emt 0:01:55]} 9. O-O {[%emt 0:00:25]} c5 {[%emt 0:01:03]} 10. Rc1 {[%emt 0:05:58]} Rc8 {[%emt 0:01:22]} 11. cxd5 {[%emt 0:03:26]} Nxd5 {[%emt 0:17:34]} 12. Bxe7 {[%emt 0:01:56]} Qxe7 {[%emt 0:01:41]} 13. Nxd5 {[%emt 0:04:08]} exd5 {[%emt 0:02:49]} 14. Bb5 {[%emt 0:01:13]} Nf6 {[%emt 0:03:05]} 15. Ne5 {[%emt 0:00:54]} a6 {[%emt 0:02:53]} 16. Bd3 {[%emt 0:03:56]} c4 {[%emt 0:02:08]} 17. Bb1 {[%emt 0:01:14]} b5 {[%emt 0:00:40]} 18. Qe1 {[%emt 0:05:04]} Rfd8 {[%emt 0:10:09]} 19. Qa5 {[%emt 0:01:58]} Qc7 {[%emt 0:01:38]} 20. Qxc7 {[%emt 0:00:48]} Rxc7 {[%emt 0:00:06]} 21. Nd3 {[%emt 0:00:09]} Nd7 {[%emt 0:04:51]} 22. b4 {[%emt 0:00:25]} Rcc8 {[%emt 0:04:14]} 23. Nc5 {[%emt 0:00:09]} Nxc5 {[%emt 0:00:36]} 24. dxc5 {[%emt 0:00:22]} d4 {[%emt 0:01:26]} 25. Bf5 {[%emt 0:02:11]} Rb8 {[%emt 0:02:02]} 26. exd4 {[%emt 0:00:51]} g6 {[%emt 0:01:22]} 27. Bc2 {[%emt 0:02:30]} Rxd4 {[%emt 0:01:18]} 28. Rfd1 {[%emt 0:00:11]} Rbd8 {[%emt 0:00:52]} 29. Rxd4 {[%emt 0:00:12]} Rxd4 {[%emt 0:00:01]} 30. Kf1 {[%emt 0:00:25]} Kf8 {[%emt 0:02:05]} 31. f3 {[%emt 0:03:32]} f5 {[%emt 0:06:14]} 1/2-1/2

[Event "35th European Club Cup 2019"]
[Site "Ulcinj"]
[Date "2019.11.14"]
[Round "5.25"]
[White "Howell, David W L"]
[Black "Ivanisevic, Ivan"]
[Result "1-0"]
[WhiteElo "2701"]
[BlackElo "2598"]
[Annotator "TA"]
[PlyCount "87"]
[EventDate "2019.11.10"]
[EventType "team-tourn"]
[EventCountry "MNE"]
[SourceTitle "playchess.com"]
[Source "ChessBase"]
[SourceQuality "1"]
[WhiteTeam "Valerenga"]
[BlackTeam "Sloven Ruma"]

{[%evp 10,87,10,21,32,18,26,12,39,29,37,14,16,23,16,0,26,21,23,12,16,4,12,8,44,0,35,30,39,22,18,15,16,23,25,18,27,14,17,12,9,13,62,62,57,57,100,106,102,95,102,102,195,190,216,179,208,184,183,183,177,183,197,183,183,194,346,350,275,214,153,0,448,448,1058,1058,1061,976,811,762]} 1. Nf3 d5 2. g3 Nc6 3. d4 Bf5 4. Bg2 Nb4 5. Na3 e6 6. O-O h6 {D02: 1 d4 d5 2 Nf3 sidelines, including 2...Nf6 3 g3 and 2...Nf6 3 Bf4} (6... c6 7. c3 Na6 8. Qb3 Qc8 9. Nh4 Be4 10. f3 Bg6 11. Nxg6 hxg6 12. e4 Nf6 13. e5 Nd7 14. f4 {1-0 (51) Grischuk,A (2766)-Duda,J (2737) chess.com INT 2018}) 7. c3 Nc6 8. Nc2 Bd6 {The position is equal.} 9. c4 Nf6 10. b3 O-O 11. Bb2 Be4 12. e3 $146 ({Predecessor:} 12. Rc1 a5 13. Ne3 a4 14. bxa4 {½-½ (51) Patrascu,C (2239)-Gavrilescu,D (2258) Calimanesti Caciulata 2016}) 12... a5 13. Qe2 Re8 14. Rfd1 a4 15. Bc3 Bf8 16. Nce1 g5 17. h3 Bg7 18. Nd3 Nd7 19. Bf1 axb3 20. axb3 Rxa1 21. Bxa1 Qe7 22. Nd2 Bg6 23. Bg2 Ra8 24. cxd5 exd5 25. Bxd5 Nxd4 (25... Bxd4 $5 26. Bxc6 Bxa1 27. Bxb7 Ra2 $11) 26. Bxd4 Bxd4 27. Bxb7 Ra2 {Threatening ...Bc3.} 28. Nc1 Ra1 {[#]} 29. Be4 $1 {[%cal Re4g6]} Bxe4 30. exd4 Nf6 (30... Qa3 $16) 31. f3 $36 {[%mdl 2048] Keeping Black busy.} Qa3 32. Nc4 ({Not} 32. fxe4 Rxc1 33. Rf1 Qb2 $11) ({Less strong is} 32. Nxe4 Nxe4 33. fxe4 Rxc1 $14) 32... Qxc1 33. Rxc1 Rxc1+ 34. Kf2 Rc2 {[#] And now ...Bd3 would win.} 35. Nd2 ({Weaker is} 35. fxe4 Nxe4+ 36. Kf3 Rxe2 $17) 35... Bg6 36. Qe5 Rxd2+ 37. Ke1 Rd3 $2 (37... Rb2) 38. Qxf6 Rxb3 {[%mdl 4096] Endgame KQ-KRB} 39. Qd8+ Kg7 40. Qxc7 $2 (40. g4 $16) 40... Rxf3 $2 {[%mdl 8192]} (40... Rb1+ $1 $11 {and Black stays safe.} 41. Ke2 Rb2+ 42. Ke1 Rb1+ 43. Kf2 Rb2+ 44. Ke3 Rb3+ 45. Kf2 Rb2+ 46. Ke3 Rb3+ 47. Ke2 Rb2+ 48. Ke3) 41. d5 {White is clearly winning.} Rd3 (41... Bb1 $142 42. Qe5+ Rf6) 42. Qe5+ Kg8 43. d6 Bf5 44. Ke2 {Accuracy: White = 66%, Black = 45%.} 1-0

[Event "35th European Club Cup 2019"]
[Site "Ulcinj"]
[Date "2019.11.14"]
[Round "5.26"]
[White "Perunovic, Milos"]
[Black "Grandelius, Nils"]
[Result "1/2-1/2"]
[WhiteElo "2578"]
[BlackElo "2681"]
[Annotator "TA"]
[PlyCount "60"]
[EventDate "2019.11.10"]
[EventType "team-tourn"]
[EventCountry "MNE"]
[SourceTitle "playchess.com"]
[Source "ChessBase"]
[SourceQuality "1"]
[WhiteTeam "Sloven Ruma"]
[BlackTeam "Valerenga"]

{[%evp 13,60,18,22,6,25,0,0,0,4,22,9,0,0,0,0,0,0,0,0,0,4,11,28,23,19,17,24,14,12,12,12,12,12,15,11,10,8,6,9,9,9,0,0,0,7,0,0,0,0]} 1. e4 e5 2. Nf3 Nc6 3. d4 exd4 4. Nxd4 Qf6 5. Nb5 Bc5 6. Qe2 Bb6 7. N1c3 Nge7 8. Be3 {[#] Bxb6 is the strong threat. C45: Scotch Game} Ba5 $1 {aiming for ...a6.} 9. O-O-O a6 10. Nd5 Nxd5 11. exd5 {Threatens to win with Bb6+.} axb5 12. Bd4+ (12. Bg5+ Qe5 13. dxc6 Qxe2 14. cxd7+ Bxd7 15. Bxe2 c6 16. a3 Be6 17. c3 O-O 18. Be3 {½-½ (18) Maze,S (2554)-Cornette,M (2555) Chartres 2019}) 12... Qe7 $1 {[%cal Re7e2] [#] Hoping for ...Qxe2.} 13. dxc6 dxc6 14. Bxg7 Qxe2 $1 15. Bxe2 Rg8 16. Bf6 $146 {[%csl Gf6][%cal Rd1d8]} Be6 17. Bf3 Bb4 18. a3 Bc5 19. Bd4 Bd6 20. Rhe1 b4 {The position is equal.} 21. axb4 Bxb4 {[%cal Ra8a1]} 22. c3 Bd6 23. g3 Kd7 24. Be4 h5 25. Kc2 h4 26. Bf6 hxg3 27. hxg3 Ra5 28. Ra1 Rb5 29. Bd3 Bf5 30. Bxf5+ Rxf5 {Accuracy: White = 81%, Black = 91%.} 1/2-1/2

[Event "35th European Club Cup 2019"]
[Site "Ulcinj"]
[Date "2019.11.14"]
[Round "5.27"]
[White "Bosiocic, Marin"]
[Black "Kosic, Dragan"]
[Result "1-0"]
[WhiteElo "2598"]
[BlackElo "2477"]
[Annotator "ChessBase"]
[PlyCount "98"]
[EventDate "2019.11.10"]
[EventType "team-tourn"]
[EventCountry "MNE"]
[SourceTitle "playchess.com"]
[Source "ChessBase"]
[SourceQuality "1"]
[WhiteTeam "Valerenga"]
[BlackTeam "Sloven Ruma"]
[TimeControl "40/5400+30:1800+30"]

1. e4 {[%emt 0:00:00]} e6 {[%emt 0:00:00]} 2. d4 {[%emt 0:00:00]} d5 {[%emt 0:00:00]} 3. Nc3 {[%emt 0:00:00]} dxe4 {[%emt 0:00:13]} 4. Nxe4 {[%emt 0:00:00]} Nd7 {[%emt 0:00:02]} 5. Nf3 {[%emt 0:00:16]} Ngf6 {[%emt 0:01:51]} 6. Bg5 {[%emt 0:00:09]} h6 {[%emt 0:01:58]} 7. Bh4 {[%emt 0:00:18]} Be7 {[%emt 0:01:03]} 8. Nxf6+ {[%emt 0:00:13]} Bxf6 {[%emt 0:00:07]} 9. Bxf6 {[%emt 0:00:10]} Qxf6 {[%emt 0:01:08]} 10. Qd2 {[%emt 0:03:15]} c5 {[%emt 0:01:21]} 11. O-O-O {[%emt 0:02:02]} O-O {[%emt 0:01:34]} 12. Bb5 {[%emt 0:02:32]} cxd4 {[%emt 0:06:31]} 13. Qxd4 {[%emt 0:00:13]} Qxd4 {[%emt 0:00:53]} 14. Rxd4 {[%emt 0:00:07]} Nf6 {[%emt 0:00:19]} 15. Ne5 {[%emt 0:01:11]} a6 {[%emt 0:03:00]} 16. Be2 {[%emt 0:00:11]} b5 {[%emt 0:00:25]} 17. Bf3 {[%emt 0:00:21]} Ra7 {[%emt 0:00:25]} 18. Rd6 {[%emt 0:05:45]} Rc7 {[%emt 0:04:46]} 19. Rhd1 {[%emt 0:00:22]} g5 {[%emt 0:07:50]} 20. b4 {[%emt 0:05:43]} Kg7 {[%emt 0:05:34]} 21. a3 {[%emt 0:03:38]} Ng8 {[%emt 0:08:36]} 22. Nd3 {[%emt 0:04:26]} Ne7 {[%emt 0:04:07]} 23. Nc5 {[%emt 0:00:38]} Ra7 {[%emt 0:10:48]} 24. Be4 {[%emt 0:04:21]} g4 {[%emt 0:04:44]} 25. g3 {[%emt 0:04:59]} h5 {[%emt 0:00:41]} 26. Kb2 {[%emt 0:06:08]} Rh8 {[%emt 0:01:10]} 27. Rd8 {[%emt 0:03:34]} Rxd8 {[%emt 0:09:15]} 28. Rxd8 {[%emt 0:00:42]} Rc7 {[%emt 0:00:41]} 29. Kb3 {[%emt 0:03:08]} e5 {[%emt 0:09:06]} 30. Rd6 {[%emt 0:03:35]} f5 {[%emt 0:04:35]} 31. Bg2 {[%emt 0:01:08]} e4 {[%emt 0:07:53]} 32. c4 {[%emt 0:09:27]} Rc6 {[%emt 0:02:38]} 33. Rxc6 {[%emt 0:00:33]} Nxc6 {[%emt 0:00:05]} 34. cxb5 {[%emt 0:00:20]} Nd4+ {[%emt 0:00:26]} 35. Kc4 {[%emt 0:00:29]} Nxb5 {[%emt 0:00:05]} 36. a4 {[%emt 0:00:15]} Nc7 {[%emt 0:00:15]} 37. b5 {[%emt 0:01:03]} axb5+ {[%emt 0:00:59]} 38. axb5 {[%emt 0:00:07]} h4 {[%emt 0:01:03]} 39. b6 {[%emt 0:01:13]} Na8 {[%emt 0:00:19]} 40. b7 {[%emt 0:00:00]} Bxb7 {[%emt 0:00:00]} 41. Nxb7 {[%emt 0:03:37]} hxg3 {[%emt 0:02:50]} 42. hxg3 {[%emt 0:00:06]} Kf6 {[%emt 0:00:16]} 43. Kd4 {[%emt 0:06:48]} Nc7 {[%emt 0:00:19]} 44. Nc5 {[%emt 0:01:59]} Ne8 {[%emt 0:02:15]} 45. Bf1 {[%emt 0:00:27]} Ng7 {[%emt 0:00:36]} 46. Bc4 {[%emt 0:01:52]} Ne8 {[%emt 0:03:55]} 47. Ne6 {[%emt 0:00:09]} Nd6 {[%emt 0:00:20]} 48. Nf4 {[%emt 0:01:01]} Kg5 {[%emt 0:00:11]} 49. Kd5 {[%emt 0:02:33]} Ne8 {[%emt 0:01:08] Kxe4} 1-0

[Event "35th European Club Cup 2019"]
[Site "Ulcinj"]
[Date "2019.11.14"]
[Round "5.28"]
[White "Miljkovic, Miroslav D"]
[Black "Predojevic, Borki"]
[Result "1/2-1/2"]
[WhiteElo "2496"]
[BlackElo "2621"]
[Annotator "TA"]
[PlyCount "64"]
[EventDate "2019.11.10"]
[EventType "team-tourn"]
[EventCountry "MNE"]
[SourceTitle "playchess.com"]
[Source "ChessBase"]
[SourceQuality "1"]
[WhiteTeam "Sloven Ruma"]
[BlackTeam "Valerenga"]

{[%evp 14,64,23,20,20,10,20,14,13,21,19,13,11,10,24,20,28,25,20,29,31,11,68,7,11,0,0,0,14,0,0,0,0,0,3,0,0,0,0,0,0,0,0,0,0,0,0,0,0,0,0,0,0]} 1. d4 Nf6 2. c4 e6 3. Nc3 Bb4 4. e3 O-O 5. Bd3 c5 6. Nf3 b6 7. O-O Bb7 8. Na4 cxd4 {E43: Nimzo-Indian: Rubinstein: 4...b6} 9. a3 (9. exd4 Re8 10. a3 Bf8 11. b4 a5 12. b5 d6 13. Bg5 Nbd7 14. Re1 h6 15. Bh4 Rc8 16. Nd2 d5 17. Bf1 Be7 18. Bg3 dxc4 19. Nxc4 {0-1 (82) Li,C (2699)-Donchenko,A (2593) chess.com INT 2019}) 9... Bd6 10. exd4 Bxf3 11. Qxf3 ({Wrong is} 11. gxf3 $2 Nh5 $19) 11... Nc6 12. Be3 e5 13. dxe5 Nxe5 14. Qd1 Qc7 15. h3 Nxd3 16. Qxd3 Rac8 17. Rac1 Bh2+ 18. Kh1 Bf4 {[#] The position is equal.} 19. Kg1 $146 ({Predecessor:} 19. c5 Bxe3 20. fxe3 {½-½ (20) Demuth,A (2558)-Pelletier,Y (2529) Graechen 2017}) 19... Bh2+ 20. Kh1 Bf4 21. Kg1 Bxe3 22. Qxe3 Rfe8 23. Qd2 Qc6 24. b3 d5 25. cxd5 Qxd5 26. Qxd5 Nxd5 27. Rxc8 Rxc8 $11 {KRN-KRN} 28. Rd1 Nf6 29. Nc3 h5 30. Rd3 Nd7 31. Rxd7 Rxc3 32. Rxa7 Rxb3 {Accuracy: White = 72%, Black = 96%.} 1/2-1/2

[Event "35th European Club Cup 2019"]
[Site "Ulcinj"]
[Date "2019.11.14"]
[Round "5.29"]
[White "Romanov, Evgeny"]
[Black "Laketic, Gojko"]
[Result "1-0"]
[WhiteElo "2597"]
[BlackElo "2346"]
[Annotator "RC"]
[PlyCount "135"]
[EventDate "2019.11.10"]
[EventType "team-tourn"]
[EventCountry "MNE"]
[SourceTitle "playchess.com"]
[Source "ChessBase"]
[SourceQuality "1"]
[WhiteTeam "Valerenga"]
[BlackTeam "Sloven Ruma"]
[TimeControl "40/5400+30:1800+30"]

1. c4 {[%emt 0:00:00]} Nf6 {[%emt 0:01:07]} 2. Nc3 {[%emt 0:00:09]} e5 {[%emt 0:03:48]} 3. Nf3 {[%emt 0:00:21]} d6 {[%emt 0:00:51]} 4. g3 {[%emt 0:01:19]} g6 {[%emt 0:00:24]} 5. Bg2 {[%emt 0:00:20]} Bg7 {[%emt 0:00:07]} 6. O-O {[%emt 0:02:19]} O-O {[%emt 0:00:44]} 7. d4 {[%emt 0:01:00]} Nbd7 {[%emt 0:01:24]} 8. e4 {[%emt 0:01:03]} a6 {[%emt 0:11:01]} 9. Re1 {[%emt 0:05:59]} Rb8 {[%emt 0:02:00]} 10. a4 {[%emt 0:10:24]} a5 {[%emt 0:00:24]} 11. h3 {[%emt 0:02:00]} Re8 {[%emt 0:03:10]} 12. Be3 {[%emt 0:03:15]} b6 {[%emt 0:13:48]} 13. Qc2 {[%emt 0:01:53]} Bb7 {[%emt 0:04:14]} 14. dxe5 {[%emt 0:09:47]} dxe5 {[%emt 0:03:20]} 15. Red1 {[%emt 0:00:08]} Qc8 {[%emt 0:16:20]} 16. Nd5 {[%emt 0:03:23]} c6 {[%emt 0:22:36]} 17. Nxf6+ {[%emt 0:01:51]} Bxf6 {[%emt 0:00:30]} 18. h4 {[%emt 0:05:13]} Nc5 {[%emt 0:00:33]} 19. Bxc5 {[%emt 0:01:26]} bxc5 {[%emt 0:00:03]} 20. Kh2 {[%emt 0:00:28]} Qc7 {[%emt 0:03:13]} 21. Bh3 {[%emt 0:00:20]} Red8 {[%emt 0:01:18]} 22. Rxd8+ {[%emt 0:01:03]} Rxd8 {[%emt 0:00:26]} 23. Rd1 {[%emt 0:00:12]} Ba6 {[%emt 0:01:12]} 24. Rd3 {[%emt 0:05:03]} Kg7 {[%emt 0:02:43]} 25. b3 {[%emt 0:02:08]} Rxd3 {[%emt 0:01:22]} 26. Qxd3 {[%emt 0:00:02]} Be7 {[%emt 0:00:50]} 27. h5 {[%emt 0:04:59]} f6 {[%emt 0:02:15]} 28. hxg6 {[%emt 0:04:41]} hxg6 {[%emt 0:00:05]} 29. Nh4 {[%emt 0:00:08]} Bc8 {[%emt 0:03:05]} 30. Bxc8 {[%emt 0:03:25]} Qxc8 {[%emt 0:00:13]} 31. Qd1 {[%emt 0:00:21]} Bf8 {[%emt 0:00:30]} 32. Ng2 {[%emt 0:08:13]} Kf7 {[%emt 0:00:22]} 33. Kg1 {[%emt 0:02:48]} Kg7 {[%emt 0:00:44]} 34. g4 {[%emt 0:03:35]} Kf7 {[%emt 0:00:45]} 35. g5 {[%emt 0:00:11]} f5 {[%emt 0:01:15]} 36. Qd2 {[%emt 0:12:01]} f4 {[%emt 0:00:36]} 37. f3 {[%emt 0:04:25]} Qc7 {[%emt 0:00:08]} 38. Ne1 {[%emt 0:00:44]} Kg8 {[%emt 0:00:50]} 39. Kf1 {[%emt 0:00:47]} Be7 {[%emt 0:00:33]} 40. Ke2 {[%emt 0:00:00]} Bxg5 {[%emt 0:00:00]} 41. Nd3 {[%emt 0:01:50]} Be7 {[%emt 0:02:54]} 42. Kd1 {[%emt 0:02:18]} Kf7 {[%emt 0:21:30]} 43. Kc2 {[%emt 0:02:29]} Bd6 {[%emt 0:01:05]} 44. Qh2 {[%emt 0:00:46]} Kg7 {[%emt 0:00:19]} 45. Qh3 {[%emt 0:01:50]} Be7 {[%emt 0:05:27]} 46. Qe6 {[%emt 0:03:44]} Bd6 {[%emt 0:00:11]} 47. Nf2 {[%emt 0:02:58]} Qe7 {[%emt 0:00:26]} 48. Qc8 {[%emt 0:00:50]} Qc7 {[%emt 0:00:05]} 49. Qh3 {[%emt 0:00:18]} Qe7 {[%emt 0:00:32]} 50. Ng4 {[%emt 0:00:27]} Qg5 {[%emt 0:01:03]} 51. Qh2 {[%emt 0:00:17]} Bc7 {[%emt 0:00:40]} 52. Qg1 {[%emt 0:05:53]} Qe7 {[%emt 0:00:16]} 53. Qf2 {[%emt 0:01:01]} Kg8 {[%emt 0:00:49]} 54. Qh2 {[%emt 0:01:37]} Qg5 {[%emt 0:00:06]} 55. Qh3 {[%emt 0:00:48]} Bd6 {[%emt 0:01:33]} 56. Nf2 {[%emt 0:02:56]} Qg3 {[%emt 0:01:15]} 57. Qe6+ {[%emt 0:00:39]} Kg7 {[%emt 0:00:31]} 58. Nd3 {[%emt 0:05:14]} Bb8 {[%emt 0:00:49]} 59. Qe7+ {[%emt 0:00:16]} Kh6 {[%emt 0:00:29]} 60. Qf8+ {[%emt 0:00:08]} Kh5 {[%emt 0:00:13]} 61. Qh8+ {[%emt 0:01:11]} Kg5 {[%emt 0:00:05]} 62. Qxb8 {[%emt 0:00:21]} Qg2+ {[%emt 0:00:02]} 63. Kc3 {[%emt 0:00:25]} Qxf3 {[%emt 0:00:03]} 64. Qxe5+ {[%emt 0:00:27]} Kg4 {[%emt 0:00:26]} 65. Qe6+ {[%emt 0:00:45]} Kh5 {[%emt 0:00:09]} 66. Qf7 {[%emt 0:01:10]} Qxe4 {[%emt 0:02:06]} 67. Qxf4 {[%emt 0:01:00]} Qh1 {[%emt 0:01:01]} 68. Qe5+ {[%emt 0:00:11]} 1-0

[Event "35th European Club Cup 2019"]
[Site "Ulcinj"]
[Date "2019.11.14"]
[Round "5.30"]
[White "Kosanovic, Goran A"]
[Black "Kaasen, Tor Fredrik"]
[Result "1/2-1/2"]
[WhiteElo "2313"]
[BlackElo "2405"]
[Annotator "NA"]
[PlyCount "72"]
[EventDate "2019.11.10"]
[EventType "team-tourn"]
[EventCountry "MNE"]
[SourceTitle "playchess.com"]
[Source "ChessBase"]
[SourceQuality "1"]
[WhiteTeam "Sloven Ruma"]
[BlackTeam "Valerenga"]
[TimeControl "40/5400+30:1800+30"]

1. e4 {[%emt 0:00:00]} c5 {[%emt 0:00:00]} 2. Nf3 {[%emt 0:00:00]} d6 {[%emt 0:00:19]} 3. c3 {[%emt 0:02:40]} Nf6 {[%emt 0:00:42]} 4. h3 {[%emt 0:01:05]} g6 {[%emt 0:02:15]} 5. Bd3 {[%emt 0:01:27]} Bg7 {[%emt 0:00:27]} 6. O-O {[%emt 0:00:09]} O-O {[%emt 0:00:54]} 7. Re1 {[%emt 0:00:20]} Nc6 {[%emt 0:03:16]} 8. Bc2 {[%emt 0:01:39]} e5 {[%emt 0:03:39]} 9. d4 {[%emt 0:02:15]} exd4 {[%emt 0:05:12]} 10. cxd4 {[%emt 0:00:11]} cxd4 {[%emt 0:01:01]} 11. Nxd4 {[%emt 0:01:24]} Re8 {[%emt 0:00:45]} 12. Nxc6 {[%emt 0:01:47]} bxc6 {[%emt 0:00:08]} 13. Nc3 {[%emt 0:01:47]} d5 {[%emt 0:06:45]} 14. Bg5 {[%emt 0:18:02]} d4 {[%emt 0:11:53]} 15. e5 {[%emt 0:03:09]} dxc3 {[%emt 0:02:54]} 16. Qxd8 {[%emt 0:05:13]} Rxd8 {[%emt 0:00:09]} 17. bxc3 {[%emt 0:02:56]} Be6 {[%emt 0:14:48]} 18. exf6 {[%emt 0:06:49]} Bh8 {[%emt 0:01:50]} 19. Bh4 {[%emt 0:04:49]} Rd6 {[%emt 0:05:32]} 20. Red1 {[%emt 0:12:10]} Rxd1+ {[%emt 0:02:40]} 21. Bxd1 {[%emt 0:00:49]} h6 {[%emt 0:00:41]} 22. f4 {[%emt 0:00:25]} Rd8 {[%emt 0:00:39]} 23. g4 {[%emt 0:03:18]} Rd3 {[%emt 0:01:46]} 24. g5 {[%emt 0:04:38]} Rxh3 {[%emt 0:01:52]} 25. Bf2 {[%emt 0:00:10]} Rxc3 {[%emt 0:11:47]} 26. Bb3 {[%emt 0:12:22]} Rf3 {[%emt 0:06:52]} 27. Bxe6 {[%emt 0:01:49]} fxe6 {[%emt 0:00:23]} 28. Rb1 {[%emt 0:01:38]} Rxf4 {[%emt 0:01:59]} 29. Rb8+ {[%emt 0:01:09]} Kh7 {[%emt 0:00:05]} 30. Rb7+ {[%emt 0:02:21]} Kg8 {[%emt 0:00:06]} 31. gxh6 {[%emt 0:03:48]} Bxf6 {[%emt 0:02:08]} 32. Rxa7 {[%emt 0:01:22]} Rg4+ {[%emt 0:05:10]} 33. Kh1 {[%emt 0:02:39]} Bd4 {[%emt 0:01:21]} 34. Bxd4 {[%emt 0:01:03]} Rxd4 {[%emt 0:00:09]} 35. Rg7+ {[%emt 0:00:57]} Kh8 {[%emt 0:00:24]} 36. Rxg6 {[%emt 0:00:05]} Kh7 {[%emt 0:00:25]} 1/2-1/2

[Event "35th European Club Cup 2019"]
[Site "Ulcinj"]
[Date "2019.11.14"]
[Round "5.31"]
[White "Bauer, Christian"]
[Black "Mamedyarov, Shakhriyar"]
[Result "0-1"]
[WhiteElo "2624"]
[BlackElo "2772"]
[Annotator "TA"]
[PlyCount "88"]
[EventDate "2019.11.10"]
[EventType "team-tourn"]
[EventCountry "MNE"]
[SourceTitle "playchess.com"]
[Source "ChessBase"]
[SourceQuality "1"]
[WhiteTeam "Zurich SG"]
[BlackTeam "Alkaloid"]

{[%evp 12,88,1,2,10,13,12,0,6,6,9,-1,-8,-2,0,0,0,-7,-6,-29,-5,-10,-10,-16,-6,-7,0,-23,-17,-20,-15,-30,-12,-24,-29,-62,-62,-68,-16,-43,-45,-34,-36,-47,-11,-45,-15,-54,-54,-59,-59,-59,-59,-59,-54,-54,-54,-48,-54,-54,-54,-49,-15,-54,-41,-41,-34,-172,-178,-177,-181,-152,-153,-320,-327,-1339,-1306,-1158,-775]} 1. e4 e5 2. Nf3 Nc6 3. Bb5 a6 4. Ba4 Nf6 5. d3 b5 6. Bb3 Bc5 7. Nc3 h6 {C77: Ruy Lopez: 3...a6 4 Ba4 Nf6, unusual lines} 8. Nd5 d6 9. c3 Rb8 {The position is equal.} 10. O-O O-O 11. Be3 Nxd5 12. Bxd5 Bxe3 13. fxe3 Ne7 14. Bb3 c5 (14... Be6 15. Nh4 {½-½ (34) Vachier Lagrave,M (2775)-Anand,V (2764) Paris 2019}) 15. Nh4 d5 16. exd5 $146 ({Predecessor:} 16. Qh5) 16... Nxd5 17. Qe1 Be6 18. Rd1 Re8 19. Nf5 Qg5 20. Bxd5 Bxd5 {[%csl Gd5][%cal Rg5g2] [#]} 21. e4 Be6 $1 22. Rf3 {aiming for Rg3.} Bxf5 23. Rxf5 Qe7 24. Qg3 Qc7 (24... Rb6 $15) 25. Rdf1 Re7 26. Rf6 Rb6 27. h3 a5 {[%cal Ba6a5,Ba5a4][%mdl 32]} 28. Kh2 a4 29. R1f5 {With the idea Rxb6.} Rd6 30. a3 Qb6 31. Rxd6 Qxd6 $15 {[%mdl 4096] Endgame KQR-KQR} 32. Rf3 Rd7 33. Qf2 Qc6 34. Rg3 g6 35. Rf3 Kg7 36. Qg3 Qe6 37. Qf2 c4 38. dxc4 Qxc4 39. Qb6 (39. Qg3 $15) 39... Qxe4 $19 40. Qxb5 Rd2 {[#] And now ...Qxf3 would win.} 41. Qf1 f5 42. c4 $2 (42. Rf2 $17 {was the only chance.} Rd3 43. Rf3) 42... Qd4 {...e4 is the strong threat.} ({Don't do} 42... Rxb2 43. Qd1 $19) 43. c5 $2 (43. Qg1 Qxg1+ 44. Kxg1) 43... e4 44. Rc3 Qe5+ {Accuracy: White = 40%, Black = 55%.} 0-1

[Event "35th European Club Cup 2019"]
[Site "Ulcinj"]
[Date "2019.11.14"]
[Round "5.32"]
[White "Andreikin, Dmitry"]
[Black "Pelletier, Yannick"]
[Result "1-0"]
[WhiteElo "2733"]
[BlackElo "2561"]
[Annotator "TA"]
[PlyCount "69"]
[EventDate "2019.11.10"]
[EventType "team-tourn"]
[EventCountry "MNE"]
[SourceTitle "playchess.com"]
[Source "ChessBase"]
[SourceQuality "1"]
[WhiteTeam "Alkaloid"]
[BlackTeam "Zurich SG"]

{[%evp 25,69,19,25,12,33,-13,0,0,8,0,12,13,15,0,60,62,58,59,83,82,47,54,87,91,78,83,76,70,123,118,410,430,428,413,417,406,403,383,465,461,458,458,426,405,608,574]} 1. e4 e6 2. d4 d5 3. Nc3 Nf6 4. e5 Nfd7 5. f4 c5 6. Nf3 Nc6 7. Be3 cxd4 8. Nxd4 Bc5 9. Qd2 Bxd4 10. Bxd4 Nxd4 11. Qxd4 Qb6 12. Qxb6 Nxb6 13. Nb5 Ke7 14. b3 {C11: French: Classical System: 4 e5 and 4 Bg5 dxe4} (14. Nd4 f6 15. exf6+ gxf6 16. O-O-O Bd7 17. Bd3 e5 18. Nf5+ Bxf5 19. Bxf5 Kd6 20. Rhf1 Rag8 21. g3 h5 {½-½ (39) Antipov,M (2598)-Meier,G (2638) Linares 2018}) 14... f6 15. Kd2 $146 ({Predecessor:} 15. exf6+ gxf6 16. a4 a5 17. Nc7 Rb8 18. Bd3 Bd7 19. O-O Kd6 20. Nb5+ Bxb5 21. axb5 Ra8 {½-½ (61) Nijboer,F (2465)-Hoeksema,H (2380) Enschede 1991}) 15... Bd7 16. Nd4 {The position is equal.} fxe5 17. fxe5 Raf8 18. g3 g5 19. h4 Rhg8 (19... g4 $11) 20. hxg5 Rxg5 21. Rxh7+ Rf7 22. Rxf7+ Kxf7 23. Bd3 Rxg3 24. Rf1+ Ke7 25. Rh1 a6 26. Rh7+ Kf8 (26... Kd8 $1 $14) 27. a4 $16 {[%cal Ba2a4,Ba4a5][%mdl 32]} Rg7 $2 {[%mdl 8192] [#]} (27... Kg8 $16) 28. Rh8+ $1 $18 Rg8 29. Rxg8+ Kxg8 {[%mdl 4096] Endgame KBN-KBN} 30. a5 Nc8 31. Kc3 Kf7 32. Kb4 Ke7 33. Kc5 Be8 34. c4 dxc4 (34... Bd7 $142 35. cxd5 exd5 36. Kxd5 Bh3) 35. bxc4 {Accuracy: White = 83%, Black = 45%.} 1-0